LEADER 01079nam0-2200325---450- 001 990008826320403321 005 20090320124916.0 010 $a978-1-84720-097-6 010 $a1-84720-097-4 035 $a000882632 035 $aFED01000882632 035 $a(Aleph)000882632FED01 035 $a000882632 100 $a20090318d2007----km-y0itay50------ba 101 0 $aeng 102 $aGB 105 $aa-------001yy 200 1 $aInternational environmental liability and barriers to trade$emarket access and biodiversity in the biosafety protocol$fKareen L. Holtby, William A. Kerr, Jill E. Hobbs 210 $aCheltenham, UK ; Northampton, MA$cEdward Elgar$dc2007 215 $axiii, 166 p.$cill.$d24 cm 700 1$aHoltby,$bKareen L.$0313821 701 1$aKerr,$bWilliam Alexander$089479 701 1$aHobbs,$bJill E.$089477 801 0$aIT$bUNINA$gRICA$2UNIMARC 901 $aBK 912 $a990008826320403321 952 $aDI XXXIII-95$b385$fDEC 959 $aDEC 996 $aInternational environmental liability and barriers to trade$9805768 997 $aUNINA LEADER 01437aam 2200409I 450 001 9910710284603321 005 20160121100808.0 024 8 $aGOVPUB-C13-4b6a8236bafe0318d5ee19df740c7700 035 $a(CKB)5470000002476437 035 $a(OCoLC)935499192 035 $a(EXLCZ)995470000002476437 100 $a20160121d1979 ua 0 101 0 $aeng 181 $2rdacontent 182 $2rdamedia 183 $2rdacarrier 200 10$aCollaborative reference program for rubber $eanalyses no. 40 April -June 1979 /$fJ. Horlick; T. L. Cummings; G. W. Bullman 210 1$aGaithersburg, MD :$cU.S. Dept. of Commerce, National Institute of Standards and Technology,$d1979. 215 $a1 online resource 225 1 $aNBSIR ;$v79-1805 300 $a1979. 300 $aContributed record: Metadata reviewed, not verified. Some fields updated by batch processes. 300 $aTitle from PDF title page. 320 $aIncludes bibliographical references. 517 $aCollaborative reference program for rubber 700 $aHorlick$b J$01386491 701 $aBullman$b G. W$01386492 701 $aCummings$b T. L$01386493 701 $aHorlick$b J$01386491 712 02$aUnited States.$bNational Bureau of Standards. 801 0$bNBS 801 1$bNBS 801 2$bGPO 906 $aBOOK 912 $a9910710284603321 996 $aCollaborative reference program for rubber$93482256 997 $aUNINA